Poultry production (Record no. 27302)
[ view plain ]
| 000 -LEADER | |
|---|---|
| fixed length control field | 00480nam a22001817a 4500 |
| 003 - CONTROL NUMBER IDENTIFIER | |
| control field | OSt |
| 005 - DATE AND TIME OF LATEST TRANSACTION | |
| control field | 20220117112120.0 |
| 008 - FIXED-LENGTH DATA ELEMENTS--GENERAL INFORMATION | |
| fixed length control field | 220117b |||||||| |||| 00| 0 eng d |
| 020 ## - INTERNATIONAL STANDARD BOOK NUMBER | |
| International Standard Book Number | 0-8121-1241-5 |
| 040 ## - CATALOGING SOURCE | |
| Transcribing agency | Hawassa university |
| 050 ## - LIBRARY OF CONGRESS CALL NUMBER | |
| Classification number | 636.3/AUS |
| 082 ## - DEWEY DECIMAL CLASSIFICATION NUMBER | |
| Edition number | Thirteenth edition |
| Classification number | 636.3/AUS |
| 100 ## - MAIN ENTRY--PERSONAL NAME | |
| Personal name | Austic richard |
| 9 (RLIN) | 28196 |
| 111 ## - MAIN ENTRY--MEETING NAME | |
| Location of meeting | New library |
| 9 (RLIN) | 27013 |
| 245 ## - TITLE STATEMENT | |
| Title | Poultry production |
| 260 ## - PUBLICATION, DISTRIBUTION, ETC. | |
| Place of publication, distribution, etc. | London |
| Name of publisher, distributor, etc. | Williams & wilkins |
| Date of publication, distribution, etc. | 1990 |
| 942 ## - ADDED ENTRY ELEMENTS (KOHA) | |
| Source of classification or shelving scheme | Dewey Decimal Classification |
| Koha item type | Books like text book referance book |
| Suppress in OPAC | No |
| Withdrawn status | Lost status | Source of classification or shelving scheme | Damaged status | Not for loan | Home library | Current library | Date acquired | Total Checkouts | Full call number | Barcode | Date last seen | Copy number | Price effective from | Koha item type |
|---|---|---|---|---|---|---|---|---|---|---|---|---|---|---|
| Dewey Decimal Classification | College of Agriculture Library | College of Agriculture Library | 01/17/2022 | 636.5/AUS | ALIB0014489 | 01/17/2022 | C 2 | 01/17/2022 | Books like text book referance book | |||||
| Dewey Decimal Classification | College of Agriculture Library | College of Agriculture Library | 01/17/2022 | 636.5/AUS | ALIB0014894 | 01/17/2022 | C 3 | 01/17/2022 | Books like text book referance book | |||||
| Dewey Decimal Classification | College of Agriculture Library | College of Agriculture Library | 01/17/2022 | 636.5/AUS | ALIB0014895 | 01/17/2022 | C 4 | 01/17/2022 | Books like text book referance book | |||||
| Dewey Decimal Classification | College of Agriculture Library | College of Agriculture Library | 01/17/2022 | 636.5/AUS | ALIB0014896 | 01/17/2022 | C 5 | 01/17/2022 | Books like text book referance book | |||||
| Dewey Decimal Classification | College of Agriculture Library | College of Agriculture Library | 01/17/2022 | 636.5/AUS | ALIB0014897 | 01/17/2022 | C 8 | 01/17/2022 | Books like text book referance book |